La arboleda perdida y otras prosas

Shranjeno v:
Bibliografske podrobnosti
Glavni avtor: Alberti, Rafael
Format: Knjiga
Jezik:Undetermined
Izdano: México, Distrito Federal Séneca 1938
Teme:
Oznake: Označite
Brez oznak, prvi označite!

MARC

LEADER 00000nam a2200000Ia 4500
008 170316s9999 xx 000 0 und d
040 |a cru BVZT 
090 |a 862 A-12ar  |b 862 A-12ar 
100 |a Alberti, Rafael  |9 961 
245 |a La arboleda perdida y otras prosas 
260 |a México, Distrito Federal 
260 |b Séneca 
260 |c 1938 
300 |a 257 páginas 
650 |a LITERATURA ESPAÑOLA  |9 23 
942 |0 Sí  |2 z  |c 15 D 
999 |c 9356  |d 9356